00388 a2200121 4500001001000000005001700010008004100027245007100068100002000139700001900159773007100178999001700249ART_4679320260410162000.0260409a 10aEl impacto de la crisis Siria en los árabes ciudadanos de Israel1 aBrauner, Susana1 aDavidi, Efraim0 tArchivos del presenteg- Año 16, Nº 57/58 (ene. 2012)wREV28180 c31179d31179